Megnyílt a szegedi árutőzsde
Elmentve itt :
| Dokumentumtípus: | Cikk |
|---|---|
| Megjelent: |
1921-07-12
|
| Sorozat: | Délmagyarország
2 No. 157 |
| Kulcsszavak: | Tőzsde |
| Online Access: | http://dmarchiv.bibl.u-szeged.hu/44905 |
| LEADER | 00393nab a2200145 i 4500 | ||
|---|---|---|---|
| 001 | delm44905 | ||
| 005 | 20180927131930.0 | ||
| 008 | 180927s1921 hu o 0|| hun d | ||
| 040 | |a SZTE Délmagyarország Archívum |b hun | ||
| 041 | |a hun | ||
| 245 | 0 | 0 | |a Megnyílt a szegedi árutőzsde |h [elektronikus dokumentum] |
| 260 | |c 1921-07-12 | ||
| 300 | |a 2 | ||
| 490 | 0 | |a Délmagyarország |v 2 No. 157 | |
| 695 | |a Tőzsde | ||